| 000 | 00664nam a2200181 i 4500 | ||
|---|---|---|---|
| 001 | 77370 | ||
| 003 | ES-MaACL | ||
| 005 | 20230906173200.0 | ||
| 007 | t| | ||
| 008 | 041008s1924 sp ||||1| spa d | ||
| 100 | 1 |
_aGutiérrez de Quijano y López, Pedro. _961125 |
|
| 245 | 1 | 3 |
_aLa Cartuja de Jerez / _cPedro Gutiérrez de Quijano y López ; con una carta prólogo de Pelayo Quintero y Ataurí. |
| 260 |
_aJerez : _b[s.n., _c1924] ( _fLitografía jerezana) |
||
| 300 |
_a178 p., 18 lám. ; _c25 cm. |
||
| 610 | 2 | 4 |
_aCartuja de Santa María de la Defensión (Jerez de la Frontera) _9158465 |
| 700 | 0 |
_aQuintero Atauri, Pelayo. _994723 |
|
| 852 |
_aES-MaACL _jF-6745 |
||
| 999 |
_c77370 _d77370 |
||